El Papel de la Caja en nuestra sociedad actual /

Zapisane w:
Opis bibliograficzny
1. autor: Valverde Castillo, Jorge
Format: Texto
Etykiety: Dodaj etykietę
Nie ma etykietki, Dołącz pierwszą etykiete!

MARC

LEADER 00000 a a2200000 04500
001 8277
003
040
100 |a Valverde Castillo, Jorge  
245 |a El Papel de la Caja en nuestra sociedad actual /  |c Jorge Valverde Castillo  
773 |g volumen 4, número 1; páginas 28-29  
999 |c 21106  |d 21106